000
00217 a2200097 4500
001
3863
100
_a
Newman, F.H
245
_a
General properties of matter, the
260
_a
_b
Edward arnold
_c
090
_c
3094
_d
3094
942
_a
NUST-CAE
_c
M
_c
23269
999
_c
238936
_d
238936